Mapas del mundo
Saved in:
| Hovedforfatter: | |
|---|---|
| Format: | Bog |
| Sprog: | spansk |
| Udgivet: |
Madrid
Libsa
1989
|
| Udgivelse: | 4a. ed |
| Fag: | |
| Tags: |
Tilføj Tag
Ingen Tags, Vær først til at tagge denne postø!
|
MARC
| LEADER | 00000nam a2200000 a 4500 | ||
|---|---|---|---|
| 001 | UCL8627 | ||
| 003 | CL-VaPUC | ||
| 008 | 040702e19890000SP |||||||||||||||||spa|d | ||
| 020 | |a 8476300247 | ||
| 082 | 0 | 4 | |a 912.09 |b BAR |2 21 |
| 100 | 0 | |a Barron, Roderick |e author |9 486552 | |
| 245 | 1 | 0 | |a Mapas del mundo |
| 250 | |a 4a. ed | ||
| 300 | |a pág. irreg | ||
| 942 | |c BK | ||
| 945 | |d 20040702 00:00:00 |a cmena | ||
| 260 | |a Madrid |b Libsa |c 1989 | ||
| 500 | |a 40 Láminas a color | ||
| 650 | 0 | |a Mundo antiguo |9 486553 | |
| 650 | 7 | |a MAPAS SIGLOS 17-19 |2 CL-VaPUC |9 268208 | |
| 583 | |a last modification |c 20040702 00:00:00 |k Rodrigo Vera | ||
| 999 | |c 309828 |d 309826 | ||
| 952 | |0 0 |1 0 |4 0 |6 912_090000000000000_BAR_1989 |7 0 |8 F |9 377590 |a BIBING |b BIBING |d 2019-11-21 |i 4030648 |o 912.09 BAR 1989 |p 4030648 |r 2025-01-20 |w 2019-11-21 |y BK_F |k GEO | ||